Introduction to VLSI systems / (Record no. 396)
[ view plain ]
| 000 -LEADER | |
|---|---|
| Fixed length control field | 00483nam a2200181 4500 |
| 003 - CONTROL NUMBER IDENTIFIER | |
| Control field | SEACOMEC |
| 005 - DATE AND TIME OF LATEST TRANSACTION | |
| Control field | 20250320132358.0 |
| 008 - FIXED-LENGTH DATA ELEMENTS--GENERAL INFORMATION | |
| Fixed length control field | 240102b |||||||| |||| 00| 0 eng d |
| 020 ## - INTERNATIONAL STANDARD BOOK NUMBER / ISBN | |
| Price | Rs.295.00 |
| 040 ## - CATALOGING SOURCE | |
| Original cataloging agency | SEACOMEC |
| 082 ## - DEWEY DECIMAL CLASSIFICATION NUMBER | |
| Classification number | 621.395 |
| Book Number | M429 |
| 100 ## - MAIN ENTRY--PERSONAL NAME | |
| Personal name | Mead,carver |
| 245 1# - TITLE STATEMENT | |
| Title | Introduction to VLSI systems / |
| Statement of responsibility | Carver Mead,Lynn Conway |
| 260 ## - IMPRINT | |
| Place of publication | hyderabad |
| Name of publisher | B S Publications |
| Date of publication | 2003 |
| 650 ## - SUBJECT ADDED ENTRY--TOPICAL TERM | |
| Topical term | Technology,Computer engineering |
| 700 ## - ADDED ENTRY--PERSONAL NAME | |
| Personal name | Conway,Lynn |
| 942 ## - ADDED ENTRY ELEMENTS (KOHA) | |
| Koha item type | Books |
| Withdrawn status | Lost status | Source of classification | Damaged status | Not for loan | Home library | Current library | Date acquired | Total Checkouts | Call number | Accession number | Date last seen | Copy number | Price effective from | Koha item type |
|---|---|---|---|---|---|---|---|---|---|---|---|---|---|---|
| Dewey Decimal Classification | SEACOM ENGINEERING COLLEGE | SEACOM ENGINEERING COLLEGE | 03/06/2006 | 321.395 M429 | 01173 | 02/01/2024 | 1 | 02/01/2024 | Books |
